[Event "Rated Blitz game"]
[Site "?"]
[Date "2021.05.02"]
[Round "?"]
[White "extermo44"]
[Black "DarthZannah"]
[Result "0-1"]
[WhiteElo "2462"]
[BlackElo "2522"]
[PlyCount "38"]
[EventDate "2021.??.??"]
[EventType "blitz"]

1. e4 e5 2. Nf3 d5 3. exd5 e4 4. Qe2 Nf6 5. d3 Qxd5 6. Nbd2 e3 7. Qxe3+ Be6 8.
d4 Ng4 9. Qc3 Nc6 10. Bc4 Qd7 11. O-O O-O-O 12. Bb5 Bd5 13. h3 h5 14. hxg4 hxg4
15. Ne5 Qf5 16. f4 Qh5 17. Qg3 Nxd4 18. Bd3 Bc5 19. Rf2 Qh1# {Normal} 0-1

[Event "Rated Blitz game"]
[Site "?"]
[Date "2021.05.02"]
[Round "?"]
[White "Anonymous_Beast"]
[Black "Gifroy"]
[Result "1-0"]
[WhiteElo "2452"]
[BlackElo "2433"]
[PlyCount "91"]
[EventDate "2021.??.??"]
[EventType "blitz"]

1. e4 e5 2. Nf3 d5 3. exd5 e4 4. Qe2 Nf6 5. d3 Qxd5 6. dxe4 Qxe4 7. Qxe4+ Nxe4
8. Bd3 Nc5 9. Bb5+ c6 10. Be2 Bd6 11. O-O O-O 12. Rd1 Bc7 13. Bg5 Ne6 14. Be3
Nd7 15. Nc3 Nf6 16. h3 h6 17. Nd4 Nxd4 18. Bxd4 Be6 19. Bxf6 gxf6 20. Ne4 Kg7
21. Nc5 b6 22. Nxe6+ fxe6 23. Rd7+ Rf7 24. Rad1 Raf8 25. Bh5 Be5 26. Rxf7+ Rxf7
27. Bxf7 Kxf7 28. Rd7+ Kg6 29. c3 a5 30. Rb7 b5 31. Rb6 b4 32. Rxc6 Kf5 33.
cxb4 axb4 34. Rb6 Bxb2 35. Rxb4 Bc3 36. Rc4 Be5 37. g4+ Kg6 38. f4 Bd6 39. a4
e5 40. f5+ Kg5 41. Kg2 h5 42. a5 Bb8 43. Kf3 Kh4 44. a6 Ba7 45. Rc7 Bb6 46. Rh7
{Normal} 1-0

[Event "Rated Blitz tournament Kjw8Y016"]
[Site "?"]
[Date "2021.05.02"]
[Round "?"]
[White "lenta1"]
[Black "Madjrs72"]
[Result "1-0"]
[WhiteElo "2506"]
[BlackElo "2388"]
[PlyCount "101"]
[EventDate "2021.??.??"]
[EventType "blitz"]

1. e4 e5 2. Nf3 d5 3. exd5 e4 4. Qe2 Nf6 5. Nc3 Be7 6. Nxe4 O-O 7. d3 Nxd5 8.
Qd1 f5 9. Nc3 Nxc3 10. bxc3 Bf6 11. Bd2 Re8+ 12. Be2 Qe7 13. d4 c5 14. Be3 Nc6
15. O-O f4 16. Bc4+ Kh8 17. Bxf4 cxd4 18. cxd4 Qb4 19. Bf7 Rf8 20. a3 Qa5 21.
Bd2 Qc7 22. Bd5 Nxd4 23. Nxd4 Bxd4 24. Bb4 Bc5 25. c4 Bf5 26. Qd2 Rad8 27. Rad1
Rfe8 28. h3 h6 29. Bc3 Kh7 30. Rfe1 Qb6 31. Ba5 Qg6 32. Bxd8 Rxd8 33. Qc3 Rf8
34. Rf1 Bc2 35. Rd2 Bf5 36. Re1 b6 37. Rde2 Bd3 38. Qxd3 Qxd3 39. Be4+ Qxe4 40.
Rxe4 Rxf2 41. Kh1 Ra2 42. Rg4 g5 43. h4 Kg6 44. hxg5 hxg5 45. Rge4 Rxa3 46.
Re6+ Kh5 47. Kh2 Kg4 48. R1e4+ Kf5 49. R6e5+ Kf6 50. Rd5 Ra4 51. Rg4 {Time
forfeit} 1-0

[Event "Rated Blitz tournament kakvUDcg"]
[Site "?"]
[Date "2021.05.02"]
[Round "?"]
[White "samisahi"]
[Black "VVV-31"]
[Result "0-1"]
[WhiteElo "2726"]
[BlackElo "2293"]
[PlyCount "84"]
[EventDate "2021.??.??"]
[EventType "blitz"]

1. e4 e5 2. Nf3 d5 3. exd5 Bd6 4. Nc3 Nf6 5. Bb5+ c6 6. dxc6 Nxc6 7. d4 e4 8.
Ne5 O-O 9. Bxc6 bxc6 10. Nxc6 Qc7 11. Ne5 Bxe5 12. dxe5 Qxe5 13. O-O Bg4 14.
Qe1 Rfe8 15. h3 Bc8 16. Be3 Ba6 17. Rd1 Bxf1 18. Qxf1 a5 19. Bd4 Qf5 20. Bxf6
gxf6 21. Qe2 Kg7 22. Rd4 Re5 23. Rxe4 Rae8 24. Rxe5 fxe5 25. Ne4 Qg6 26. g3 Rd8
27. c3 f5 28. Nd2 e4 29. Nc4 f4 30. Ne5 Qf5 31. gxf4 Qxf4 32. Ng4 Rd2 33. Qb5
Rd1+ 34. Qf1 Rxf1+ 35. Kxf1 h5 36. Ne3 Qf3 37. b4 Qxh3+ 38. Ke2 Qf3+ 39. Ke1
axb4 40. cxb4 h4 41. b5 h3 42. Nf1 Qc3+ {Normal} 0-1

[Event "Rated Blitz tournament kakvUDcg"]
[Site "?"]
[Date "2021.05.02"]
[Round "?"]
[White "TheRealPietzsch"]
[Black "Maltinho"]
[Result "1-0"]
[WhiteElo "2386"]
[BlackElo "2516"]
[PlyCount "70"]
[EventDate "2021.??.??"]
[EventType "blitz"]

1. e4 e5 2. Nf3 d5 3. Nxe5 Bd6 4. d4 dxe4 5. Nc3 Bxe5 6. dxe5 Qxd1+ 7. Nxd1 Nc6
8. Bf4 Bf5 9. Ne3 Bg6 10. O-O-O Nge7 11. Bb5 a6 12. Ba4 O-O 13. Rd7 Rfd8 14.
Rhd1 Rxd7 15. Rxd7 b5 16. Bb3 Rd8 17. Rxc7 Kf8 18. a4 Nd4 19. Kb1 Ne6 20. Bxe6
fxe6 21. Bg5 Re8 22. Bxe7+ Rxe7 23. Rxe7 Kxe7 24. a5 Kd7 25. b4 Kc6 26. Kb2 Be8
27. Kc3 h5 28. h4 Bg6 29. Kd4 Bh7 30. c3 Bg6 31. g3 Bh7 32. Nf1 Bf5 33. Nd2 g6
34. Nxe4 Bg4 35. Nc5 Be2 {Normal} 1-0

[Event "Rated Blitz game"]
[Site "?"]
[Date "2021.05.02"]
[Round "?"]
[White "Zezo_master"]
[Black "iskander2007"]
[Result "1/2-1/2"]
[WhiteElo "2402"]
[BlackElo "2356"]
[PlyCount "127"]
[EventDate "2021.??.??"]
[EventType "blitz"]

1. e4 e5 2. Nf3 d5 3. d4 dxe4 4. Nxe5 Bd6 5. Be2 Nf6 6. O-O O-O 7. Bg5 h6 8.
Bh4 Bf5 9. Nd2 Nc6 10. f4 exf3 11. Ndxf3 Qe7 12. Bg3 Be4 13. Nxc6 Bxc6 14. Bxd6
cxd6 15. Bd3 Rfe8 16. c3 Ng4 17. Qd2 Ne3 18. Rfe1 Bxf3 19. gxf3 Qg5+ 20. Kh1
Qf4 21. Qf2 d5 22. Re2 Re6 23. Rae1 Rae8 24. Bb5 R8e7 25. Bd3 a6 26. Qg3 g5 27.
Rg1 Kf8 28. Qxf4 gxf4 29. h3 Rb6 30. Kh2 a5 31. a3 a4 32. Rc1 Rc7 33. Rb1 Rb3
34. Bc2 Nxc2 35. Rxc2 Rb6 36. Kg2 Rg6+ 37. Kh2 Re7 38. Rf1 Re3 39. Rff2 Rg3 40.
c4 dxc4 41. Rxc4 b5 42. Rb4 Rg5 43. h4 Rd5 44. Kh3 h5 45. Kg2 Kg7 46. Rc2 Rb3
47. Rxb3 axb3 48. Rd2 Kf6 49. Kf2 b4 50. Ke2 bxa3 51. bxa3 b2 52. Rxb2 Rxd4 53.
Ra2 Ke6 54. a4 Kd6 55. a5 Kc7 56. a6 Kb8 57. a7+ Ka8 58. Ra5 Rb4 59. Kf2 Rb2+
60. Kg1 Rb3 61. Kg2 Rb2+ 62. Kg1 Rb1+ 63. Kg2 Rb2+ 64. Kg1 {Normal} 1/2-1/2

[Event "Rated Blitz tournament lvbybc8D"]
[Site "?"]
[Date "2021.05.02"]
[Round "?"]
[White "Darop"]
[Black "jsequera"]
[Result "0-1"]
[WhiteElo "2356"]
[BlackElo "2459"]
[PlyCount "72"]
[EventDate "2021.??.??"]
[EventType "blitz"]

1. e4 e5 2. Nf3 d5 3. Nxe5 Bd6 4. d4 dxe4 5. Bc4 Bxe5 6. dxe5 Qxd1+ 7. Kxd1 Nc6
8. Re1 Bg4+ 9. Be2 O-O-O+ 10. Nd2 Nxe5 11. h3 Bxe2+ 12. Rxe2 Nf6 13. Ke1 Nc6
14. Nxe4 Nd4 15. Nxf6 Nxe2 16. Kxe2 gxf6 17. Be3 Rhe8 18. Kf3 b6 19. Kf4 Rd5
20. g4 Red8 21. Rg1 Kd7 22. h4 Ke6 23. c3 Rd1 24. Rg3 Rb1 25. Bd4 Re1 26. b4
Rd5 27. a4 c5 28. Be3 cxb4 29. cxb4 Rb1 30. a5 Rxb4+ 31. Kf3 bxa5 32. Bxa7 a4
33. Be3 a3 34. Rg1 a2 35. Ra1 Ra5 36. Bd2 Rb1 {Normal} 0-1

[Event "Rated Blitz game"]
[Site "?"]
[Date "2021.05.02"]
[Round "?"]
[White "Plmlgs99"]
[Black "DonCroccante"]
[Result "1/2-1/2"]
[WhiteElo "2418"]
[BlackElo "2388"]
[PlyCount "114"]
[EventDate "2021.??.??"]
[EventType "blitz"]

1. e4 e5 2. Nf3 d5 3. d3 dxe4 4. dxe4 Qxd1+ 5. Kxd1 Nc6 6. c3 f5 7. Bb5 Bd6 8.
Nbd2 Nf6 9. exf5 Bxf5 10. Ke2 O-O-O 11. Nb3 e4 12. Nfd4 Bg4+ 13. f3 exf3+ 14.
gxf3 Rhe8+ 15. Kf2 Bd7 16. Nxc6 bxc6 17. Ba6+ Kb8 18. Be3 Rf8 19. Kg2 Nd5 20.
Bd2 Rf6 21. Rhe1 Rdf8 22. Be2 g5 23. h3 Rh6 24. Rh1 Nf4+ 25. Bxf4 gxf4 26. Kf2
Bxh3 27. Rag1 Be7 28. Bd3 Rd8 29. Ke2 Re6+ 30. Be4 Bf5 31. Nd2 Red6 32. Rd1
Bxe4 33. Nxe4 Rxd1 34. Rxd1 Rxd1 35. Kxd1 h5 36. Ke2 Kc8 37. Kf2 Kd7 38. Kg2
Ke6 39. Kf2 Kd5 40. Ke2 h4 41. Nf2 Bc5 42. Nh3 Be3 43. Kd3 Ke5 44. b4 Kd5 45.
Ng5 c5 46. Nh3 cxb4 47. cxb4 Kc6 48. Kc4 Kb6 49. a3 a5 50. Ng5 axb4 51. axb4 c5
52. b5 Kb7 53. Nh3 Kb6 54. Ng5 Ka5 55. Nh3 Kb6 56. Kd5 Ka5 57. Kc4 Kb6 {Normal}
1/2-1/2

[Event "Rated Rapid game"]
[Site "?"]
[Date "2021.05.02"]
[Round "?"]
[White "Serg_T"]
[Black "Delyvj"]
[Result "1-0"]
[WhiteElo "2452"]
[BlackElo "2395"]
[PlyCount "89"]
[EventDate "2021.??.??"]
[EventType "rapid"]

1. e4 e5 2. Nf3 d5 3. d4 dxe4 4. Nxe5 Nd7 5. Bf4 Bd6 6. Bc4 Nxe5 7. dxe5 Bb4+
8. c3 Qxd1+ 9. Kxd1 Bc5 10. Nd2 Bf5 11. Ke2 Ne7 12. h3 Ng6 13. Bh2 Nh4 14. Rhg1
O-O-O 15. Rad1 Bg6 16. Bg3 Nf5 17. Nxe4 Nxg3+ 18. Nxg3 Rhe8 19. Rxd8+ Kxd8 20.
Rd1+ Kc8 21. f4 c6 22. Kf3 f5 23. h4 h5 24. a4 Be7 25. Be6+ Kc7 26. Rd7+ Kb6
27. Bxf5 Bf7 28. e6 Bg8 29. Bg6 Bxe6 30. Bxe8 Bxd7 31. Bxd7 Bxh4 32. Nxh5 g6
33. Ng3 Kc5 34. Be6 a5 35. Bf7 Be7 36. Ne4+ Kb6 37. Bxg6 Kc7 38. g4 b5 39. Bf7
bxa4 40. g5 a3 41. bxa3 Bxa3 42. g6 Bf8 43. f5 Kd7 44. f6 a4 45. g7 {Normal}
1-0

[Event "Rated Blitz game"]
[Site "?"]
[Date "2021.05.02"]
[Round "?"]
[White "abdelatifhamira"]
[Black "KamranShirazi"]
[Result "0-1"]
[WhiteElo "2366"]
[BlackElo "2525"]
[PlyCount "28"]
[EventDate "2021.??.??"]
[EventType "blitz"]

1. e4 e5 2. Nf3 d5 3. Nxe5 Bd6 4. d4 dxe4 5. Bc4 Bxe5 6. dxe5 Qxd1+ 7. Kxd1
Bg4+ 8. Ke1 Nc6 9. Bf4 O-O-O 10. Nc3 Nd4 11. Rc1 f5 12. h3 Bh5 13. g4 Bg6 14.
Bg5 Nf3+ {Normal} 0-1

[Event "Rated Blitz game"]
[Site "?"]
[Date "2021.05.02"]
[Round "?"]
[White "abdelatifhamira"]
[Black "KamranShirazi"]
[Result "1-0"]
[WhiteElo "2358"]
[BlackElo "2532"]
[PlyCount "133"]
[EventDate "2021.??.??"]
[EventType "blitz"]

1. e4 e5 2. Nf3 d5 3. d4 dxe4 4. Nxe5 Nd7 5. Nxd7 Bxd7 6. Bc4 Bd6 7. Nc3 Nf6 8.
h3 h6 9. Be3 Bf5 10. Qe2 Qe7 11. a3 c6 12. Bb3 a5 13. a4 O-O 14. g4 Be6 15. g5
hxg5 16. Bxg5 Bxb3 17. cxb3 Qe6 18. Rg1 Rfe8 19. O-O-O Nh7 20. d5 Qf5 21. Be3
Rad8 22. Rg2 Bf4 23. Rdg1 Bxe3+ 24. fxe3 g6 25. Rf2 Qe5 26. Rgf1 Rd7 27. Qg4
Rc7 28. Rf5 Qg7 29. d6 gxf5 30. Qxg7+ Kxg7 31. dxc7 Rc8 32. Rxf5 Nf6 33. Rxa5
Rxc7 34. Rg5+ Kf8 35. Re5 Kg7 36. Nxe4 Nd5 37. Rg5+ Kh6 38. Rg3 f5 39. Nd6 f4
40. exf4 Nxf4 41. Nf5+ Kh5 42. h4 Ne2+ 43. Kd2 Nxg3 44. Nxg3+ Kxh4 45. Ne4 Rd7+
46. Kc3 Rg7 47. Nc5 Kg4 48. Ne6 Rh7 49. Nd4 Kf4 50. Ne6+ Ke5 51. Nc5 Kd6 52.
Ne4+ Kd5 53. Nf6+ Kc5 54. Nxh7 b5 55. Nf6 b4+ 56. Kd3 Kb6 57. Ne4 Ka5 58. Nc5
Kb6 59. Ne6 Ka5 60. Nd4 Kb6 61. Kc4 c5 62. Ne6 Kc6 63. Nxc5 Kb6 64. Kxb4 Kc6
65. a5 Kd6 66. Na4 Kc6 67. a6 {Time forfeit} 1-0

[Event "Rated Blitz game"]
[Site "?"]
[Date "2021.05.02"]
[Round "?"]
[White "chessed70"]
[Black "JellalFernandes"]
[Result "1-0"]
[WhiteElo "2646"]
[BlackElo "2583"]
[PlyCount "111"]
[EventDate "2021.??.??"]
[EventType "blitz"]

1. e4 e5 2. Nf3 d5 3. Nxe5 Bd6 4. d4 dxe4 5. Bc4 Bxe5 6. Qh5 Qe7 7. Qxe5 Qxe5
8. dxe5 Nc6 9. Nc3 Nxe5 10. Bb3 Bf5 11. Bf4 Ng6 12. Bxc7 Nf6 13. O-O-O O-O 14.
h3 Rfc8 15. Bh2 h5 16. Nb5 Rc6 17. Nd6 Be6 18. Bxe6 fxe6 19. Nxb7 Rac8 20. Rd8+
Kf7 21. Nd6+ Rxd6 22. Rxd6 Nh4 23. Bg1 Nxg2 24. Bh2 Nh4 25. Rhd1 Nf5 26. Ra6
Nd5 27. Rxa7+ Kf6 28. Kb1 g5 29. Ra6 Nb4 30. Ra5 Nd5 31. Ra6 e3 32. fxe3 Nfxe3
33. Rc1 Nb4 34. Ra4 Nbxc2 35. Re4 Rd8 36. Rxc2 Nxc2 37. Kxc2 Rc8+ 38. Kd3 Ra8
39. a4 Rd8+ 40. Rd4 Ra8 41. b3 Kf5 42. Re4 g4 43. hxg4+ hxg4 44. Re5+ Kf6 45.
Ke3 Rb8 46. Rb5 Rh8 47. Bf4 Rh3+ 48. Ke4 Rf3 49. Be5+ Kg6 50. Bf4 Rf1 51. Rg5+
Kf6 52. Rxg4 Re1+ 53. Be3 Rb1 54. Rf4+ Ke7 55. Rf3 Kd6 56. Bd4 {Time forfeit}
1-0

[Event "Rated Blitz tournament ZK5zvzcF"]
[Site "?"]
[Date "2021.05.02"]
[Round "?"]
[White "espinozasgod"]
[Black "satranCocuk_YouTube"]
[Result "0-1"]
[WhiteElo "2432"]
[BlackElo "2285"]
[PlyCount "184"]
[EventDate "2021.??.??"]
[EventType "blitz"]

1. e4 e5 2. Nf3 d5 3. Nxe5 Bd6 4. d4 dxe4 5. Nc4 Nf6 6. Ne3 O-O 7. c4 Bf4 8.
Nc3 Bxe3 9. Bxe3 Ng4 10. Be2 Nxe3 11. fxe3 Qh4+ 12. g3 Qg5 13. Qd2 Re8 14. O-O
Nc6 15. Nd5 Qd8 16. Rf4 Be6 17. Nc3 Ne7 18. Raf1 Ng6 19. Rxe4 Bh3 20. Rxe8+
Qxe8 21. Rf2 Rd8 22. Bf1 Bxf1 23. Rxf1 c6 24. e4 Ne5 25. b3 Qe6 26. Qe3 Ng4 27.
Qf4 Nf6 28. d5 cxd5 29. cxd5 Qb6+ 30. Kg2 Qc5 31. Rf3 Qd4 32. Ne2 Qxe4 33. Qxe4
Nxe4 34. Rd3 Nc5 35. Rd1 Kf8 36. b4 Nd7 37. Kf3 Nf6 38. Kf4 Rxd5 39. Rc1 Rd7
40. Rc8+ Ke7 41. Ra8 Nd5+ 42. Kf3 Nxb4 43. Rxa7 Nc6 44. Ra8 Rd3+ 45. Kf2 Rd7
46. Nf4 Rd2+ 47. Ke3 Rd7 48. a4 Ne5 49. Ke4 Nc6 50. Nd5+ Kd6 51. Nb6 Re7+ 52.
Kd3 Ne5+ 53. Kc3 Rc7+ 54. Kb3 Nc6 55. Rg8 g6 56. Rg7 h5 57. Nc4+ Ke6 58. Ne3
Nd4+ 59. Kb4 Nc2+ 60. Nxc2 Rxc2 61. Rg8 Rxh2 62. Rb8 Rg2 63. Kb5 Rxg3 64. Kc5
Rb3 65. a5 Ra3 66. Kb4 Ra1 67. Re8+ Kf5 68. Re7 f6 69. Kb5 h4 70. Rxb7 Rb1+ 71.
Ka6 Rxb7 72. Kxb7 h3 73. a6 h2 74. a7 h1=Q+ 75. Kb8 Qc6 76. a8=Q Qxa8+ 77. Kxa8
g5 78. Kb7 g4 79. Kc7 g3 80. Kd7 g2 81. Ke7 g1=Q 82. Kf7 Qe3 83. Kg7 Ke5 84.
Kf7 f5 85. Ke7 f4 86. Kd7 f3 87. Kc7 f2 88. Kb7 f1=Q 89. Kc6 Qfc1+ 90. Kd7 Qd4+
91. Ke7 Qc7+ 92. Kf8 Qdd8# {Normal} 0-1

[Event "Rated Blitz tournament mqu5gUzL"]
[Site "?"]
[Date "2021.05.02"]
[Round "?"]
[White "MihaiG"]
[Black "Korshun_2022"]
[Result "1/2-1/2"]
[WhiteElo "2425"]
[BlackElo "2337"]
[PlyCount "109"]
[EventDate "2021.??.??"]
[EventType "blitz"]

1. e4 e5 2. Nf3 d5 3. d4 dxe4 4. Nxe5 Bd6 5. Bf4 Nf6 6. Nc3 O-O 7. Bc4 Nc6 8.
O-O Bf5 9. Re1 Qe8 10. Nd5 Nxe5 11. Nxf6+ gxf6 12. dxe5 Bxe5 13. Bh6 Qc6 14.
Bd5 Qb6 15. Bxf8 Kxf8 16. Bxe4 Be6 17. Bxh7 Ke7 18. Rxe5 fxe5 19. b3 Rh8 20.
Bd3 Qd4 21. g3 Rxh2 22. Qe1 Rh8 23. Be4 Bd5 24. Bg2 Bxg2 25. Kxg2 Qd5+ 26. f3
Qe6 27. Qg1 Qh3+ 28. Kf2 Qh2+ 29. Qg2 Qh7 30. Kg1 Rd8 31. Re1 Kf6 32. Qe2 Qf5
33. f4 Rd5 34. Rf1 e4 35. Re1 Rd4 36. Kg2 c5 37. c3 Rd3 38. Qxe4 Rd2+ 39. Kf3
Qh5+ 40. Ke3 Rd6 41. Qe5+ Qxe5+ 42. fxe5+ Kxe5 43. Kf3+ Kf5 44. Re7 Rd3+ 45.
Kf2 f6 46. Rxb7 Rxc3 47. Rxa7 Ke4 48. Ra4+ Ke5 49. Rh4 Rc2+ 50. Ke3 Rxa2 51.
Re4+ Kd5 52. Rf4 Ke5 53. Re4+ Kd5 54. Rf4 Ke5 55. Re4+ {Normal} 1/2-1/2

[Event "Rated Blitz tournament kakvUDcg"]
[Site "?"]
[Date "2021.05.02"]
[Round "?"]
[White "VSavicevic"]
[Black "VVV-31"]
[Result "1/2-1/2"]
[WhiteElo "2422"]
[BlackElo "2338"]
[PlyCount "49"]
[EventDate "2021.??.??"]
[EventType "blitz"]

1. e4 e5 2. Nf3 d5 3. exd5 Bd6 4. Nc3 Nf6 5. Bb5+ c6 6. dxc6 Nxc6 7. O-O O-O 8.
d3 h6 9. h3 Bf5 10. Bxc6 bxc6 11. Qe2 Re8 12. Nd2 Nd5 13. Nde4 Bc7 14. Bd2 Bg6
15. Rae1 f5 16. Ng3 Nf6 17. Qf3 Qd7 18. Bc1 f4 19. Nge4 Nd5 20. Nc5 Qf7 21. a3
Bh5 22. Qe4 Bg6 23. Qf3 Bh5 24. Qe4 Bg6 25. Qf3 {Normal} 1/2-1/2

[Event "Rated Blitz game"]
[Site "?"]
[Date "2021.05.02"]
[Round "?"]
[White "abdelatifhamira"]
[Black "KamranShirazi"]
[Result "0-1"]
[WhiteElo "2373"]
[BlackElo "2518"]
[PlyCount "54"]
[EventDate "2021.??.??"]
[EventType "blitz"]

1. e4 e5 2. Nf3 d5 3. exd5 e4 4. Ne5 Qxd5 5. d4 exd3 6. Nxd3 Bd6 7. Nc3 Qf5 8.
Be3 Nc6 9. Be2 Be6 10. Bf3 Nge7 11. Qe2 O-O-O 12. O-O Bc4 13. Rfd1 Ne5 14. Be4
Qe6 15. Bxa7 f5 16. Nf4 Bxe2 17. Nxe6 Bxd1 18. Rxd1 fxe4 19. Nxe4 Nf3+ 20. gxf3
Bxh2+ 21. Kxh2 Rxd1 22. Be3 Nf5 23. Bc5 Re8 24. N6g5 Re5 25. b4 b6 26. Bf8 h6
27. Nf7 Re8 {Normal} 0-1

[Event "Rated Blitz tournament KSjVwu7B"]
[Site "?"]
[Date "2021.05.02"]
[Round "?"]
[White "Zsoltinyo"]
[Black "tiberionsky"]
[Result "1/2-1/2"]
[WhiteElo "2442"]
[BlackElo "2219"]
[PlyCount "117"]
[EventDate "2021.??.??"]
[EventType "blitz"]

1. e4 e5 2. Nf3 d5 3. d4 dxe4 4. Nxe5 Bd6 5. Qe2 Nf6 6. Bg5 Bf5 7. Nc3 O-O 8.
O-O-O Nc6 9. h3 Qe7 10. g4 Bg6 11. Nxc6 bxc6 12. Bg2 Rfe8 13. Rhe1 h6 14. Bxf6
Qxf6 15. Nxe4 Qf4+ 16. Kb1 Bxe4 17. Bxe4 Rab8 18. Ka1 Bb4 19. c3 Bd6 20. f3 c5
21. dxc5 Bxc5 22. Qc4 Bf2 23. Bh7+ Kxh7 24. Qxf4 Bxe1 25. Qxf7 Bg3 26. Qc4 Rbd8
27. Rb1 Rd2 28. a3 Ree2 29. Ka2 Bd6 30. h4 Kh8 31. h5 Be5 32. a4 Rc2 33. Ka3 a5
34. Rd1 Bd6+ 35. Rxd6 cxd6 36. Qc8+ Kh7 37. Qf5+ Kh8 38. Qxa5 Rxb2 39. Qd8+ Kh7
40. Qxd6 Ra2+ 41. Kb3 Reb2+ 42. Kc4 Rxa4+ 43. Kd3 Raa2 44. Ke3 Re2+ 45. Kf4
Ra4+ 46. Kg3 Raa2 47. c4 Rg2+ 48. Kf4 Ra4 49. Qd3+ Kh8 50. Qb3 Rga2 51. Kg3
R2a3 52. Qb8+ Kh7 53. c5 Rc3 54. Qe5 Rac4 55. Qf5+ Kh8 56. Qf8+ Kh7 57. Qf5+
Kh8 58. Qf8+ Kh7 59. Qf5+ {Normal} 1/2-1/2

[Event "Rated Blitz game"]
[Site "?"]
[Date "2021.05.02"]
[Round "?"]
[White "ilektrologos"]
[Black "EnesYusufKamis34"]
[Result "0-1"]
[WhiteElo "2285"]
[BlackElo "2414"]
[PlyCount "74"]
[EventDate "2021.??.??"]
[EventType "blitz"]

1. e4 e5 2. Nf3 d5 3. Nc3 dxe4 4. Nxe4 f5 5. Ng3 e4 6. Ne5 Nf6 7. d4 Bd6 8. Nc4
O-O 9. Nxd6 Qxd6 10. Bc4+ Kh8 11. O-O f4 12. Nh5 f3 13. Nxf6 Qxf6 14. g3 Nc6
15. Be3 Qg6 16. Re1 Be6 17. Bf1 Qh5 18. h4 Rad8 19. Qc1 Nxd4 20. Bxd4 Rxd4 21.
c3 Rc4 22. Bxc4 Bxc4 23. Rxe4 Be2 24. Qg5 Qf7 25. Re7 Qf6 26. Qxf6 gxf6 27.
Rxc7 Rd8 28. Rxb7 a6 29. b3 Rd2 30. c4 f5 31. h5 f4 32. h6 Kg8 33. Rg7+ Kf8 34.
Rxh7 fxg3 35. fxg3 Bd3 36. Rd7 f2+ 37. Kg2 f1=Q# {Normal} 0-1

[Event "Rated Blitz game"]
[Site "?"]
[Date "2021.05.02"]
[Round "?"]
[White "Ldearco"]
[Black "batasjon"]
[Result "1-0"]
[WhiteElo "2464"]
[BlackElo "2386"]
[PlyCount "69"]
[EventDate "2021.??.??"]
[EventType "blitz"]

1. e4 e5 2. Nf3 d5 3. exd5 e4 4. Ne5 Qxd5 5. Nc4 Nf6 6. Nc3 Qc6 7. Ne3 a6 8. d4
Bd6 9. Be2 O-O 10. O-O Qe8 11. Nc4 Nc6 12. Nxd6 cxd6 13. d5 Ne5 14. Qd4 Bf5 15.
Bf4 Qe7 16. Bxe5 dxe5 17. Qd2 Ne8 18. a3 Nd6 19. Nd1 Bg6 20. c4 b6 21. b4 Rac8
22. Rc1 f5 23. c5 bxc5 24. bxc5 Nb5 25. d6 Qd7 26. Bxb5 axb5 27. Qd5+ Kh8 28.
Qxe5 f4 29. Nc3 f3 30. Nd5 fxg2 31. Rfe1 Rfe8 32. Nb6 Qc6 33. d7 Rxe5 34.
dxc8=Q+ Qxc8 35. Nxc8 {Normal} 1-0

[Event "Rated Blitz tournament GhDTSY6G"]
[Site "?"]
[Date "2021.05.02"]
[Round "?"]
[White "Novoselski"]
[Black "Schachelite"]
[Result "1/2-1/2"]
[WhiteElo "2417"]
[BlackElo "2351"]
[PlyCount "133"]
[EventDate "2021.??.??"]
[EventType "blitz"]

1. e4 e5 2. Nf3 d5 3. Nxe5 Bd6 4. d4 dxe4 5. Be2 Bxe5 6. dxe5 Qxd1+ 7. Bxd1 Nc6
8. Bf4 Nge7 9. Nc3 Ng6 10. Bg3 Bf5 11. f4 exf3 12. Bxf3 Bxc2 13. O-O O-O 14.
Rfe1 Rfe8 15. Bxc6 bxc6 16. Rac1 Bf5 17. Na4 Rab8 18. b3 h5 19. h3 h4 20. Bh2
Rbd8 21. Rxc6 Rd2 22. Rxc7 Rxa2 23. Nc3 Rb2 24. Rxa7 Rxb3 25. Nd5 Rb2 26. Kh1
Rd8 27. Ne3 Be4 28. Ra4 Bb7 29. Rg4 Rdd2 30. e6 Re2 31. Rxe2 Rxe2 32. Bg1 Kf8
33. Rb4 Bc6 34. Rb8+ Ke7 35. Nf5+ Kf6 36. Ne3 fxe6 37. Rb4 Kg5 38. Rb6 Bd5 39.
Nxd5 exd5 40. Rd6 Nf4 41. Bh2 Re1+ 42. Bg1 Ne2 43. Rxd5+ Kh6 44. Kh2 Rxg1 45.
Re5 Re1 46. Re4 g5 47. Re6+ Kh5 48. Re8 Kg6 49. Re5 Kf6 50. Re8 Kf7 51. Re5 Kf6
52. Re8 Kf5 53. Re3 g4 54. hxg4+ Kxg4 55. Re4+ Kg5 56. Re5+ Kg6 57. Re6+ Kf5
58. Re8 Kf4 59. Re7 Kf5 60. Re8 Kf6 61. Re3 Kf7 62. Re5 Kg7 63. Re7+ Kf6 64.
Re8 Kg5 65. Re5+ Kg6 66. Re6+ Kf5 67. Re8 {Normal} 1/2-1/2

[Event "Rated Blitz tournament mqu5gUzL"]
[Site "?"]
[Date "2021.05.02"]
[Round "?"]
[White "VadimCernov"]
[Black "iskander2007"]
[Result "1-0"]
[WhiteElo "2585"]
[BlackElo "2334"]
[PlyCount "83"]
[EventDate "2021.??.??"]
[EventType "blitz"]

1. e4 e5 2. Nf3 d5 3. Nxe5 Qe7 4. d4 f6 5. Nd3 Nc6 6. c3 Bf5 7. Nd2 Bxe4 8.
Nxe4 dxe4 9. Nc5 O-O-O 10. Qb3 Na5 11. Qa4 b6 12. Ba6+ Kb8 13. b4 Qe8 14. Qxe8
Rxe8 15. bxa5 Bxc5 16. dxc5 Ne7 17. axb6 cxb6 18. Bf4+ Ka8 19. cxb6 axb6 20.
O-O Nd5 21. Be3 Ka7 22. Bb5 Rc8 23. c4 Nc3 24. a4 Kb7 25. a5 bxa5 26. Rxa5 Ra8
27. Rfa1 Rxa5 28. Rxa5 Rc8 29. Ba6+ Kc7 30. Bxc8 Kxc8 31. Ra7 g5 32. Rxh7 f5
33. g3 f4 34. gxf4 gxf4 35. h4 fxe3 36. fxe3 Nd1 37. Re7 Nxe3 38. Rxe4 Nf5 39.
Rf4 Ng3 40. Kf2 Nh5 41. Kf3 Kd7 42. Rf5 {Normal} 1-0

[Event "Rated Blitz game"]
[Site "?"]
[Date "2021.05.02"]
[Round "?"]
[White "Kruink2002"]
[Black "KinzyabulatovRenat"]
[Result "0-1"]
[WhiteElo "2415"]
[BlackElo "2334"]
[PlyCount "58"]
[EventDate "2021.??.??"]
[EventType "blitz"]

1. e4 e5 2. Nf3 d5 3. Nxe5 Bd6 4. d4 dxe4 5. Nc4 Nf6 6. Nxd6+ Qxd6 7. Be2 O-O
8. O-O Nc6 9. Be3 Nd5 10. c4 Nf4 11. Nc3 f5 12. Nb5 Nxe2+ 13. Qxe2 Qd8 14. d5
Ne5 15. Bf4 Qe7 16. f3 a6 17. Nd4 Ng6 18. fxe4 fxe4 19. Qe3 Nxf4 20. Rxf4 Rxf4
21. Qxf4 Bd7 22. Re1 Qc5 23. Rxe4 Rf8 24. Qe3 Qxc4 25. Nf5 Qxa2 26. Ne7+ Kh8
27. h3 Qxb2 28. Qg5 Qb1+ 29. Kh2 Qxe4 {Normal} 0-1

[Event "Rated Blitz game"]
[Site "?"]
[Date "2021.05.02"]
[Round "?"]
[White "Tim1991"]
[Black "DonCroccante"]
[Result "1-0"]
[WhiteElo "2420"]
[BlackElo "2364"]
[PlyCount "38"]
[EventDate "2021.??.??"]
[EventType "blitz"]

1. e4 e5 2. Nf3 d5 3. Nxe5 Bd6 4. d4 dxe4 5. Nc4 Nf6 6. Nxd6+ Qxd6 7. Be2 Nc6
8. Be3 Be6 9. c4 Bf5 10. Nc3 O-O-O 11. d5 Ne5 12. Nb5 Qb4+ 13. Bd2 Qc5 14. b4
Qe7 15. Nxa7+ Kb8 16. Nb5 Nf3+ 17. Kf1 Nxd2+ 18. Qxd2 e3 19. Qd4 c5 {Normal}
1-0

[Event "Rated Blitz game"]
[Site "?"]
[Date "2021.05.02"]
[Round "?"]
[White "FraDoNicks"]
[Black "AsianLion"]
[Result "0-1"]
[WhiteElo "2775"]
[BlackElo "2649"]
[PlyCount "38"]
[EventDate "2021.??.??"]
[EventType "blitz"]

1. e4 e5 2. Nf3 d5 3. exd5 Bd6 4. Nc3 Nf6 5. Bb5+ c6 6. dxc6 Nxc6 7. d4 e4 8.
Qe2 O-O 9. Bxc6 bxc6 10. Ne5 Re8 11. Nxc6 Qb6 12. d5 Ba6 13. Qe3 Bc5 14. Qg3 e3
15. f3 Nxd5 16. Nxd5 Qxc6 17. Qg5 h6 18. Nf6+ Kh8 19. Qd5 Bb4+ {Normal} 0-1

[Event "Rated Blitz game"]
[Site "?"]
[Date "2021.05.02"]
[Round "?"]
[White "girafik"]
[Black "sierra92"]
[Result "1/2-1/2"]
[WhiteElo "2429"]
[BlackElo "2449"]
[PlyCount "148"]
[EventDate "2021.??.??"]
[EventType "blitz"]

1. e4 e5 2. Nf3 d5 3. Nxe5 Bd6 4. d4 dxe4 5. Nc4 f5 6. Be2 Nf6 7. O-O O-O 8.
Nxd6 cxd6 9. c4 d5 10. Nc3 Nc6 11. cxd5 Ne7 12. Bg5 Kh8 13. Qb3 Nexd5 14. Nxd5
Qxd5 15. Bxf6 Qxb3 16. Bxg7+ Kxg7 17. axb3 Be6 18. Bc4 Kf6 19. Ra5 a6 20. Rc5
Rfc8 21. Rc1 Rxc5 22. dxc5 Rc8 23. b4 Bxc4 24. Rxc4 Rd8 25. g3 Rd1+ 26. Kg2 Rd2
27. c6 bxc6 28. Rxc6+ Ke5 29. Rc5+ Kf6 30. Ra5 Rxb2 31. Rxa6+ Kg5 32. h4+ Kh5
33. Rf6 Kg4 34. Rf7 Rxb4 35. Rg7+ Kh5 36. Rg5+ Kh6 37. Rxf5 Kg6 38. Rf4 h5 39.
Kh3 Ra4 40. f3 Ra3 41. fxe4 Re3 42. Kh2 Kg7 43. Kg2 Kg6 44. Kf2 Rc3 45. Rf3
Rc2+ 46. Ke3 Rc3+ 47. Kf4 Rc4 48. Re3 Kf6 49. Kf3 Ke5 50. Ra3 Rc5 51. Rd3 Ra5
52. Rd5+ Rxd5 53. exd5 Kxd5 54. Kf4 Ke6 55. Kg5 Kf7 56. Kxh5 Kg8 57. g4 Kh8 58.
g5 Kg8 59. Kg4 Kg7 60. h5 Kg8 61. h6 Kh7 62. Kf4 Kg6 63. Ke5 Kxg5 64. h7 Kg4
65. h8=Q Kf3 66. Qf6+ Ke3 67. Kd5 Ke2 68. Qh4 Kf3 69. Kd4 Kg2 70. Qg4+ Kf2 71.
Kd3 Kf1 72. Qf4+ Kg2 73. Kd2 Kh3 74. Ke2 Kg2 {Time forfeit} 1/2-1/2